L’An I de l’ère médiatique. Etude littéraire et historique de La Presse de Girardin de Marie-Eve THERENTY et Alain VAILLANT par Jean-Pierre BACOT (notice n° 1660248)
[ vue normale ]
| 000 -LEADER | |
|---|---|
| fixed length control field | 02056cam a2200169 4500500 |
| 005 - DATE AND TIME OF LATEST TRANSACTION | |
| control field | 20260208013521.0 |
| 041 ## - LANGUAGE CODE | |
| Language code of text/sound track or separate title | fre |
| 042 ## - AUTHENTICATION CODE | |
| Authentication code | dc |
| 100 10 - MAIN ENTRY--PERSONAL NAME | |
| Personal name | Bacot, Jean-Pierre |
| Relator term | author |
| 245 00 - TITLE STATEMENT | |
| Title | L’An I de l’ère médiatique. Etude littéraire et historique de La Presse de Girardin de Marie-Eve THERENTY et Alain VAILLANT par Jean-Pierre BACOT |
| 260 ## - PUBLICATION, DISTRIBUTION, ETC. | |
| Date of publication, distribution, etc. | 2001.<br/> |
| 500 ## - GENERAL NOTE | |
| General note | 96 |
| 520 ## - SUMMARY, ETC. | |
| Summary, etc. | Vers 1910, à une période charnière de sa réflexion où la question de l’émergence du capitalisme moderne, dans un premier temps traitée par le biais des éthiques religieuses, se réfléchit dans de multiples objets (droit, musique...), le sociologue allemand Max Weber élabore aussi un plan d’enquête méthoddique sur la presse. Après avoir rappelé les conditions de cette élaboration et celles de l’échec du projet, on tente de cerner les contours de la relation que Weber semble vouloir décrire entre l’« économie de l’information » et l’économie tout court. L’article contient la traduction du plan d’enquête diffusé par Weber aux personnes qu’il avait pressenties pour sa mise en œuvre. |
| 520 ## - SUMMARY, ETC. | |
| Summary, etc. | THE PRESS IN RELATION TO MODERN CAPITALISM Max Weber’s planned study of the press and journalism In around 1910, a turning point in his thinking in which the question of the emergence of modern capitalism, initially considered in terms of religious ethics, was analysed through multiple objects (law, music, etc.), German sociologist Max Weber also devised a plan for methodical study of the press. After noting the conditions of this plan’s formulation and failure, the author defines the relation that Weber seemed to want to describe between the “information economy” and the economy itself. The article contains the translation of the plan sent by Weber to the people he had approached concerning its implementation. |
| 786 0# - DATA SOURCE ENTRY | |
| Note | Réseaux | 109 | 5 | 2001-10-01 | p. 209c-221c | 0751-7971 |
| 856 41 - ELECTRONIC LOCATION AND ACCESS | |
| Uniform Resource Identifier | <a href="https://shs.cairn.info/revue-reseaux1-2001-5-page-209c?lang=fr&redirect-ssocas=7080">https://shs.cairn.info/revue-reseaux1-2001-5-page-209c?lang=fr&redirect-ssocas=7080</a> |
Pas d'exemplaire disponible.




Réseaux sociaux